OSM地图中含有多种语言名称的国家 - Statistics

General Stats
  • This quiz has been taken 9 times
  • The average score is 10 of 24
Answer Stats
答案 % Correct
België / Belgique / Belgien
88%
Maroc / ⵍⵎⵖⵔⵉⴱ / المغرب
88%
Schweiz / Suisse / Svizzera / Svizra
88%
ኢትዮጵያ / إثيوبيا
75%
Algérie / ⵍⵣⵣⴰⵢⴻⵔ / الجزائر
75%
ኤርትራ / Eritrea / إرتريا
75%
Soomaaliya / الصومال
63%
South Sudan / جنوب السودان
63%
Монгол улс / ᠮᠤᠩᠭᠤᠯ ᠤᠯᠤᠰ
50%
Djibouti / جيبوتي
50%
Ködörösêse tî Bêafrîka / République centrafricaine
50%
Tchad / تشاد
50%
Madagasikara / Madagascar
38%
New Zealand / Aotearoa
38%
Suomi / Finland
38%
Éire / Ireland
25%
Κύπρος / Kıbrıs
25%
Bosna i Hercegovina / Босна и Херцеговина
13%
Civitas Vaticana / Città del Vaticano
13%
Comores / Komori / جزر القمر
13%
Mauritius / Maurice
13%
Paraguay / Paraguái
13%
Crna Gora / Црна Гора
0%
Kosova / Kosovo
0%
No matching quizzes found
Score Distribution
Percent of People with Each Score
Percentile by Number Answered
Your Score History
You have not taken this quiz